MARC details
| 000 -LEADER |
| campo de control de longitud fija |
02402nab a2200421 i 4500 |
| 001 - NÚMERO DE CONTROL |
| campo de control |
ELB129305 |
| 003 - IDENTIFICADOR DE NÚMERO DE CONTROL |
| campo de control |
FINmELB |
| 005 - FECHA Y HORA DE LA ÚLTIMA TRANSACCIÓN |
| campo de control |
20250326043255.0 |
| 006 - CÓDIGOS DE INFORMACIÓN DE LONGITUD FIJA--CARACTERÍSTICAS DEL MATERIAL ADICIONAL |
| campo de control de longitud fija |
m o u |
| 007 - CAMPO FIJO DE DESCRIPCIÓN FÍSICA--INFORMACIÓN GENERAL |
| campo de control de longitud fija |
cr cn||||||||| |
| 008 - DATOS DE LONGITUD FIJA--INFORMACIÓN GENERAL |
| campo de control de longitud fija |
230524c20179999dr fr p o 0 0spa d |
| 022 ## - NÚMERO INTERNACIONAL NORMALIZADO PARA PUBLICACIONES SERIADAS |
| Número Internacional Normalizado para Publicaciones Seriadas |
0254-7597 |
| 035 ## - NÚMERO DE CONTROL DEL SISTEMA |
| Número de control de sistema |
(OCoLC)1385418734 |
| 040 ## - FUENTE DE CATALOGACIÓN |
| Centro catalogador/agencia de origen |
FINmELB |
| Lengua de catalogación |
spa |
| Normas de descripción |
rda |
| Centro/agencia transcriptor |
FINmELB |
| 050 #4 - SIGNATURA TOPOGRÁFICA DE LA BIBLIOTECA DEL CONGRESO |
| Número de clasificación |
H61 |
| Número de ítem |
.M386 2017 |
| 080 ## - NÚMERO DE LA CLASIFICACIÓN DECIMAL UNIVERSAL |
| Número de la Clasificación Decimal Universal |
3(045) |
| 082 04 - NÚMERO DE LA CLASIFICACIÓN DECIMAL DEWEY |
| Número de clasificación |
300 |
| Número de edición |
23 |
| 100 1# - ENTRADA PRINCIPAL--NOMBRE DE PERSONA |
| Nombre de persona |
Matos Lluberes, Patricia, |
| Término indicativo de función/relación |
autor. |
| 245 13 - MENCIÓN DEL TÍTULO |
| Título |
La formación de docentes en la República Dominicana : |
| Resto del título |
un reto para las instituciones de Educación Superior / |
| Mención de responsabilidad, etc. |
Patricia Matos Lluberes. |
| 264 #1 - PRODUCCIÓN, PUBLICACIÓN, DISTRIBUCIÓN, FABRICACIÓN Y COPYRIGHT |
| Producción, publicación, distribución, fabricación y copyright |
Santo Domingo : |
| Nombre del de productor, editor, distribuidor, fabricante |
Universidad Nacional Pedro Henríquez Ureña (UNPHU), |
| Fecha de producción, publicación, distribución, fabricación o copyright |
2017. |
| 310 ## - PERIODICIDAD ACTUAL |
| Periodicidad actual |
Semestral |
| 336 ## - TIPO DE CONTENIDO |
| Término de tipo de contenido |
texto |
| Código de tipo de contenido |
txt |
| Fuente |
rdacontent/spa |
| 337 ## - TIPO DE MEDIO |
| Nombre/término del tipo de medio |
computadora |
| Código del tipo de medio |
c |
| Fuente |
rdamedia/spa |
| 338 ## - TIPO DE SOPORTE |
| Nombre/término del tipo de soporte |
recurso en línea |
| Código del tipo de soporte |
cr |
| Fuente |
rdacarrier/spa |
| 520 ## - RESUMEN, ETC. |
| Sumario, etc. |
En el presente artículo se hace una reflexión sobre los procesos de mejora en torno a la formación de docentes en la República Dominicana. La misma se realiza a partir de una revisión bibliográfica de autores reconocidos en torno al enfoque pedagógico asumido por las universidades. Se trata de una visión que propicia la meditación sobre la práctica misma y el desarrollo de nuevas competencias profesionales que requiere el profesor del siglo XXI. Además, se describen los retos que presentan las instituciones formadoras de docentes ante la demanda inminente de la sociedad. |
| 588 ## - NOTA DE FUENTE DE LA DESCRIPCIÓN |
| Nota de fuente de la descripción |
Descripción basada en metadatos suministrados por el editor y otras fuentes. |
| 588 ## - NOTA DE FUENTE DE LA DESCRIPCIÓN |
| Nota de fuente de la descripción |
Descripción basada en Aula: Revista de Humanidades y Ciencias Sociales, vol. 61, n. 1 (julio-diciembre 2017), P. 58-64. |
| 590 ## - NOTA LOCAL (RLIN) |
| Nota local |
Recurso electrónico. Santa Fe, Arg.: elibro, 2023. Disponible vía World Wide Web. El acceso puede estar limitado para las bibliotecas afiliadas a elibro. |
| 650 #4 - PUNTO DE ACCESO ADICIONAL DE MATERIA--TÉRMINO DE MATERIA |
| Término de materia o nombre geográfico como elemento de entrada |
Competencias docentes. |
| 650 #4 - PUNTO DE ACCESO ADICIONAL DE MATERIA--TÉRMINO DE MATERIA |
| Término de materia o nombre geográfico como elemento de entrada |
Educación superior. |
| 650 #4 - PUNTO DE ACCESO ADICIONAL DE MATERIA--TÉRMINO DE MATERIA |
| Término de materia o nombre geográfico como elemento de entrada |
Evaluación. |
| 650 #4 - PUNTO DE ACCESO ADICIONAL DE MATERIA--TÉRMINO DE MATERIA |
| Término de materia o nombre geográfico como elemento de entrada |
Formación docente. |
| 650 #4 - PUNTO DE ACCESO ADICIONAL DE MATERIA--TÉRMINO DE MATERIA |
| Término de materia o nombre geográfico como elemento de entrada |
Práctica reflexiva. |
| 655 #4 - TERMINO DE INDIZACIÓN--GENERO/FORMA |
| Datos o término principal de género/forma |
Libros electrónicos. |
| 773 0# - ASIENTO DE ITEM FUENTE |
| Título |
Aula: Revista de Humanidades y Ciencias Sociales. |
| Número Internacional Normalizado para Publicaciones Seriadas |
ISSN0254-7597 |
| Lugar, editor y fecha de publicación |
Santo Domingo : Universidad Nacional Pedro Henríquez Ureña (UNPHU) |
| Parte(s) relacionada(s) |
vol. 61, n. 1 (julio-diciembre 2017), p. 58-64 |
| 797 2# - PUNTO DE ACCESO ADICIONAL LOCAL--NOMBRE DE ENTIDAD CORPORATIVA (RLIN) |
| Nombre de entidad corporativa o nombre de jurisdicción como elemento de entrada |
elibro, Corp. |
| 856 40 - LOCALIZACIÓN Y ACCESO ELECTRÓNICOS |
| Identificador Uniforme de Recurso |
<a href="https://elibro.net/ereader/usam/129305">https://elibro.net/ereader/usam/129305</a> |